People in Pictures with Adolf Hitler - Statistics

General Stats
  • This quiz has been taken 294 times
  • The average score is 9 of 21
Answer Stats
Picture Hint Answer % Correct
Italy Benito Mussolini
97%
Spain Francisco Franco
77%
Germany Joseph Goebbels
77%
Germany Eva Braun
67%
Germany Heinrich Himmler
67%
United Kingdom Neville Chamberlain
67%
Germany Hermann Goering
65%
United States Herbert Hoover
49%
Weimar Republic/Germany Paul von Hindenburg
45%
Vichy France Philippe Petain
45%
United Kingdom Edward VIII
41%
Soviet Union Vyacheslav Molotov
41%
Germany Erwin Rommel
32%
Norway Vidkun Quisling
31%
Finland Carl Gustaf Emil Mannerheim
22%
Romania Ion Antonescu
16%
Croatia Ante Pavelic
12%
India Subhas Chandra Bose
12%
France Pierre Laval
8%
Republic of China H.H. Kung
3%
Japan Matsuoka Yosuke
2%
No matching quizzes found
Score Distribution
Percent of People with Each Score
Percentile by Number Answered
Your Score History
You have not taken this quiz